| 000 | 00538nam a22001937a 4500 | ||
|---|---|---|---|
| 003 | OSt | ||
| 005 | 20240611103641.0 | ||
| 008 | 240611b |||||||| |||| 00| 0 eng d | ||
| 022 | _2978-0-470-47081-7 | ||
| 040 |
_aDDC _cMUST |
||
| 082 | _a512 AXL 2012 | ||
| 100 |
_aAxler,Sheldon _91 |
||
| 245 |
_aAlgebra and trigonometry, _bWith Student Solutions Manual |
||
| 260 |
_aSan Fransisco _bJohn Wiley and Sons,Inc. _c2012 |
||
| 300 |
_axxvi,754p.; _bill: _c24cm. |
||
| 504 | _aIndexes | ||
| 650 |
_aTrigonometry _917020 |
||
| 942 |
_2ddc _cO_SHELF |
||
| 999 |
_c8365 _d8365 |
||